<?xml version="1.0" encoding="UTF-8"?>
<collection xmlns="http://www.loc.gov/MARC21/slim">
<record>
  <controlfield tag="001">89935</controlfield>
  <controlfield tag="005">20220407102445.0</controlfield>
  <datafield tag="037" ind1=" " ind2=" ">
    <subfield code="a">NORMAS-2020-022</subfield>
  </datafield>
  <datafield tag="100" ind1=" " ind2=" ">
    <subfield code="a">Consejo de Gobierno</subfield>
  </datafield>
  <datafield tag="245" ind1=" " ind2=" ">
    <subfield code="a">Calendario Académico, curso 2020/2021</subfield>
  </datafield>
  <datafield tag="260" ind1=" " ind2=" ">
    <subfield code="a">Zaragoza</subfield>
    <subfield code="b">Consejo de Gobierno de la Universidad de Zaragoza</subfield>
    <subfield code="c">2020-03-19</subfield>
  </datafield>
  <datafield tag="520" ind1=" " ind2=" ">
    <subfield code="a">Calendario Académico 2020/2021</subfield>
  </datafield>
  <datafield tag="650" ind1=" " ind2=" ">
    <subfield code="a">Calendario,</subfield>
  </datafield>
  <datafield tag="650" ind1=" " ind2=" ">
    <subfield code="a">Académico</subfield>
  </datafield>
  <datafield tag="650" ind1=" " ind2=" ">
    <subfield code="a">Estudiantes</subfield>
  </datafield>
  <datafield tag="653" ind1="1" ind2=" ">
    <subfield code="a">Normas ordenación académica derogadas</subfield>
  </datafield>
  <datafield tag="856" ind1="0" ind2=" ">
    <subfield code="f">mbueno@unizar.es</subfield>
  </datafield>
  <datafield tag="856" ind1="4" ind2=" ">
    <subfield code="s">209486</subfield>
    <subfield code="u">http://zaguan.unizar.es/record/89935/files/Calendario%20Acad%C3%A9mico%202020_2021.pdf</subfield>
    <subfield code="y">Calendario Académico 2020_2021</subfield>
    <subfield code="z">1</subfield>
  </datafield>
  <datafield tag="856" ind1="4" ind2=" ">
    <subfield code="s">641886</subfield>
    <subfield code="u">http://zaguan.unizar.es/record/89935/files/Modificaci%C3%B3n%20Calendario%202020_2021.pdf</subfield>
    <subfield code="y">Modificación Calendario 2020_2021</subfield>
    <subfield code="z">2</subfield>
  </datafield>
  <datafield tag="856" ind1="4" ind2=" ">
    <subfield code="s">760073</subfield>
    <subfield code="u">http://zaguan.unizar.es/record/89935/files/Texto%20integro_Calendario%20Acad%C3%A9mico%202020_2021%20%28BOUZ%2007-20%29.pdf</subfield>
    <subfield code="y">Calendario Académico 2020_2021 (BOUZ 07-20)</subfield>
    <subfield code="z">3</subfield>
  </datafield>
  <datafield tag="920" ind1=" " ind2=" ">
    <subfield code="a">03-20 (16  de abril)</subfield>
  </datafield>
  <datafield tag="980" ind1=" " ind2=" ">
    <subfield code="a">NORMAS</subfield>
  </datafield>
</record>
</collection>